000
00275nam a22001337a 4500
008
170627b xxu||||| |||| 00| 0 eng d
020
_a
9780007162208
041
_a
eng
080
_a
32
100
_a
21
101
_a
SHP
245
_a
BIG BANG
_c
SINGH, S
942
_2
udc
_c
BK
999
_c
19156
_d
19156